Detalles MARC
| 000 -CABECERA |
| campo de control de longitud fija |
01031nam a2200265 a 4500 |
| 003 - IDENTIFICADOR DEL NÚMERO DE CONTROL |
| campo de control |
DO-SdBNP |
| 005 - FECHA Y HORA DE LA ÚLTIMA TRANSACCIÓN |
| campo de control |
20240715103629.0 |
| 007 - CAMPO FIJO DE DESCRIPCIÓN FÍSICA--INFORMACIÓN GENERAL |
| campo de control de longitud fija |
ta |
| 008 - DATOS DE LONGITUD FIJA--INFORMACIÓN GENERAL |
| campo de control de longitud fija |
220922e2016 dr ao||gr|||| 001 0 spa d |
| 040 ## - FUENTE DE LA CATALOGACIÓN |
| Centro catalogador/agencia de origen |
DO-SdBNP |
| Lengua de catalogación |
spa |
| Centro/agencia transcriptor |
BNPHU |
| 082 #4 - NÚMERO DE LA CLASIFICACIÓN DECIMAL DEWEY |
| Número de edición |
22 |
| Número de documento/Ítem |
L579z |
| 111 2# - ENTRADA PRINCIPAL--NOMBRE DE CONGRESO/REUNIÓN |
| Nombre de congreso/reunión o jurisdicción como elemento de entrada |
Exposición Zonas Grises |
| Número del congreso/reunión o número de parte o sección |
(1: |
| Fecha del congreso/reunión |
2016: |
| Sede del congreso/Lugar de la reunión |
Centro León, Santiago, República Dominicana) |
| 9 (RLIN) |
82420 |
| 245 10 - MENCIÓN DE TÍTULO |
| Título |
Zonas grises: |
| Resto del título |
matices de la urbe en la era global. arte contemporáneo colombiano y dominicano. |
| 260 ## - PUBLICACIÓN, DISTRIBUCIÓN, ETC. |
| Lugar de publicación, distribución, etc. |
Santiago, República Dominicana: |
| Nombre del editor, distribuidor, etc. |
Sura, |
| Fecha de publicación, distribución, etc. |
2016 |
| 300 ## - DESCRIPCIÓN FÍSICA |
| Extensión |
36 p. : |
| Otras características físicas |
il., fotogr. ; |
| Dimensiones |
28 cm. |
| 500 ## - NOTA GENERAL |
| Nota general |
Incluye bibliogrfía y notas al pié de fotos. |
| 590 ## - NOTA LOCAL (RLIN) |
| Nota local |
Inventariado 2022 / MF |
| 650 #4 - PUNTO DE ACCESO ADICIONAL DE MATERIA--TÉRMINO DE MATERIA |
| 9 (RLIN) |
54101 |
| Término de materia o nombre geográfico como elemento de entrada |
Arte Dominicano |
| Subdivisión general |
Exposiciones |
| 650 #4 - PUNTO DE ACCESO ADICIONAL DE MATERIA--TÉRMINO DE MATERIA |
| 9 (RLIN) |
32932 |
| Término de materia o nombre geográfico como elemento de entrada |
Arte Colombiano |
| Subdivisión general |
Exposiciones |
| 650 #4 - PUNTO DE ACCESO ADICIONAL DE MATERIA--TÉRMINO DE MATERIA |
| 9 (RLIN) |
62230 |
| Término de materia o nombre geográfico como elemento de entrada |
Arte Contemporáneo |
| Subdivisión de forma |
Exposiciones |
| Subdivisión geográfica |
Colombia |
| 650 #4 - PUNTO DE ACCESO ADICIONAL DE MATERIA--TÉRMINO DE MATERIA |
| Término de materia o nombre geográfico como elemento de entrada |
Arte Contemporáneo |
| Subdivisión de forma |
Exposiciones |
| Subdivisión geográfica |
República Dominicana |
| 9 (RLIN) |
82423 |
| 710 2# - PUNTO DE ACCESO ADICIONAL--NOMBRE DE ENTIDAD CORPORATIVA |
| Nombre de entidad corporativa o nombre de jurisdicción como elemento de entrada |
Centro Cultural Eduardo León Jimenes |
| 9 (RLIN) |
56909 |
| 910 ## - DATOS DE OPCIÓN DEL USUARIO (OCLC) |
| Datos de opción del usuario |
MFeliz |
| 942 ## - ELEMENTOS DE PUNTO DE ACCESO ADICIONAL (KOHA) |
| Fuente del sistema de clasificación o colocación |
Dewey Decimal Classification |
| Tipo de ítem Koha |
Folleto |